Nota acerca de las causas de la humedad existente en las dunas de Torroella de Montgrí (Record no. 162703)

MARC details
000 -LEADER
campo de control de longitud fija 00992nam a22002055i 4500
001 - NÚMERO DE CONTROL
campo de control 162703
003 - IDENTIFICADOR DE NÚMERO DE CONTROL
campo de control ES-MaACL
005 - FECHA Y HORA DE LA ÚLTIMA TRANSACCIÓN
campo de control 20230906212601.0
008 - DATOS DE LONGITUD FIJA--INFORMACIÓN GENERAL
campo de control de longitud fija 030919s1897 sp |||| | spa d
040 ## - FUENTE DE CATALOGACIÓN
Centro catalogador/agencia de origen CCPB | B
Lengua de catalogación spa
Centro/agencia transcriptor CCPB | B
080 ## - NÚMERO DE LA CLASIFICACIÓN DECIMAL UNIVERSAL
Número de la Clasificación Decimal Universal 551.435.74(460.233 Torroella de Montgrí)
100 1# - ENTRADA PRINCIPAL--NOMBRE DE PERSONA
Nombre de persona Puig y Valls, Rafael.
9 (RLIN) 131419
245 10 - MENCIÓN DEL TÍTULO
Título Nota acerca de las causas de la humedad existente en las dunas de Torroella de Montgrí
Resto del título : leída en la Real Academia de Ciencias de Barcelona /
Mención de responsabilidad, etc. por Rafael Puig y Valls.
260 ## - PUBLICACIÓN, DISTRIBUCIÓN, ETC.
Lugar de publicación, distribución, etc. Madrid :
Nombre del editor, distribuidor, etc. imprenta de Ricardo Rojas,
Fecha de publicación, distribución, etc. 1897.
300 ## - DESCRIPCIÓN FÍSICA
Extensión 16 p. ;
Dimensiones 25 cm.
530 ## - NOTA DISPONIBLE DE FORMULARIO FÍSICO ADICIONAL
Nota de formato físico adicional disponible Disponible también en sitio web.
650 #4 - PUNTO DE ACCESO ADICIONAL DE MATERIA--TÉRMINO DE MATERIA
Término de materia o nombre geográfico como elemento de entrada Dunas-
Subdivisión geográfica Torroella de Montgrí.
9 (RLIN) 150168
852 ## - LOCALIZACIÓN
Ubicación ES-MaACL
Número de control de estantería T-831-F-12
Nota libre -- Enc. hol., conservando la enc. original
-- -- Enc. en un vol. facticio
-- .- Ded. ms. del autor
856 ## - LOCALIZACIÓN Y ACCESO ELECTRÓNICOS
Identificador Uniforme de Recursos <a href="http://bibliotecadigitalhispanica.bne.es:80/webclient/DeliveryManager?pid=3310813&custom_att_2=simple_viewer">http://bibliotecadigitalhispanica.bne.es:80/webclient/DeliveryManager?pid=3310813&custom_att_2=simple_viewer</a>
Nota pública Ir a la página
Holdings
Estatus retirado Estado de pérdida Estado de daño No para préstamo Colección Biblioteca de origen Biblioteca actual Ubicación en estantería Fecha de adquisición Total de préstamos Signatura topográfica completa Código de barras Visto por última vez Precio de reemplazo Tipo de ítem Koha
        Colección de folletos Biblioteca del Ateneo de Madrid Biblioteca del Ateneo de Madrid Depósito folletos 17/01/2008   T-831-F-12 1170459 23/02/2023 23/02/2023 Folleto